[Event "19. Obert Int. Sant Marti 2017 - B"]
[Site "Barcelona ESP"]
[Date "2017.07.16"]
[Round "4.53"]
[White "Ramon Herraez, Alex"]
[Black "Guinjoan Fradera, Joan"]
[Result "1-0"]
[WhiteElo "1694"]
[BlackElo "1531"]
[PlyCount "69"]
[EventDate "2017.07.13"]
[EventType "swiss"]
[EventRounds "9"]
[EventCountry "ESP"]
[SourceTitle "Ajedrez en Madrid"]
[Source "lmi"]
[SourceDate "2017.07.13"]
[SourceVersion "1"]
[SourceVersionDate "2019.06.21"]
[SourceQuality "1"]

1. d4 d5 2. Nf3 Nf6 3. c4 e6 4. e3 c5 5. Be2 Be7 6. O-O O-O 7. Nc3 Nc6 8. b3 b6
9. Bb2 Bb7 10. dxc5 Bxc5 11. cxd5 Nxd5 12. Nxd5 Qxd5 13. Qc2 Ne7 14. Rfd1 Qc6
15. Bf1 Ng6 16. Rac1 Qe8 17. Qc3 f6 18. Ng5 Qe7 19. Nxe6 Rfc8 20. Nxc5 Rxc5 21.
Qd2 Rxc1 22. Rxc1 Rd8 23. Qc3 Rc8 24. Qd4 Rxc1 25. Bxc1 Ne5 26. Bb2 Qc7 27. Ba3
h6 28. Qb4 Kh7 29. Qd4 Qc6 30. Qf4 Qc2 31. Qg3 Qxa2 32. Bf8 Ng6 33. Bxg7 Qb1
34. Qc7 Bxg2 35. Bxf6+ 1-0

[Event "19. Obert Int. Sant Marti 2017 - B"]
[Site "Barcelona ESP"]
[Date "2017.07.16"]
[Round "4.54"]
[White "Prokudin, Igor"]
[Black "Catala Ulied, Guillem"]
[Result "1-0"]
[WhiteElo "1371"]
[BlackElo "1693"]
[PlyCount "133"]
[EventDate "2017.07.13"]
[EventType "swiss"]
[EventRounds "9"]
[EventCountry "ESP"]
[SourceTitle "Ajedrez en Madrid"]
[Source "lmi"]
[SourceDate "2017.07.13"]
[SourceVersion "1"]
[SourceVersionDate "2019.06.21"]
[SourceQuality "1"]

1. e4 c5 2. c3 d5 3. exd5 Qxd5 4. d4 Nf6 5. Nf3 Bg4 6. Be2 e6 7. h3 Bh5 8. O-O
Nc6 9. Be3 cxd4 10. cxd4 Be7 11. Nc3 Qd6 12. Qb3 O-O 13. Rfd1 Rfd8 14. a3 a6
15. Rac1 b5 16. d5 Nxd5 17. Nxd5 exd5 18. Rxc6 Qxc6 19. Nd4 Qg6 20. g4 Bxg4 21.
hxg4 Bf6 22. Nf5 h5 23. Bd4 hxg4 24. Bxf6 Qxf6 25. Ne3 g3 26. fxg3 Qe5 27. Kf2
d4 28. Ng4 Qc5 29. Qd3 Rd5 30. Bf3 Rf5 31. Kg2 Rd8 32. b4 Qc8 33. Rh1 Qe6 34.
Nf2 g6 35. Ng4 Rg5 36. Rh4 Kg7 37. Qd2 Qf5 38. Nf2 Rc8 39. Re4 Rc3 40. Qxd4+
Qf6 41. Qxf6+ Kxf6 42. Rf4+ Ke5 43. Ne4 Rc2+ 44. Kh3 Rf5 45. Rxf5+ gxf5 46. Nc5
Rc3 47. Kg2 Rxa3 48. Bb7 a5 49. bxa5 Rxa5 50. Nd3+ Kd4 51. Nb4 Kc4 52. Nc6 Ra2+
53. Kh3 b4 54. Ne7 Ra7 55. Nxf5 Rxb7 56. Nd6+ Kc3 57. Nxb7 b3 58. Nc5 b2 59.
Na4+ Kd4 60. Nxb2 Ke4 61. Nc4 f6 62. Kg4 f5+ 63. Kh3 f4 64. g4 Kd5 65. Nd2 Ke5
66. Nf3+ Ke4 67. Kg2 1-0

[Event "19. Obert Int. Sant Marti 2017 - B"]
[Site "Barcelona ESP"]
[Date "2017.07.16"]
[Round "4.55"]
[White "Minko, Aleksandr"]
[Black "Romero Funieles, Rafael"]
[Result "1-0"]
[WhiteElo "1275"]
[BlackElo "1683"]
[PlyCount "93"]
[EventDate "2017.07.13"]
[EventType "swiss"]
[EventRounds "9"]
[EventCountry "ESP"]
[SourceTitle "Ajedrez en Madrid"]
[Source "lmi"]
[SourceDate "2017.07.13"]
[SourceVersion "1"]
[SourceVersionDate "2019.06.21"]
[SourceQuality "1"]

1. e4 e6 2. d4 Be7 3. Nc3 d6 4. Nf3 h6 5. Bc4 c6 6. Be3 a5 7. Qd2 b5 8. Be2 Nf6
9. h3 b4 10. Na4 Nxe4 11. Qd3 f5 12. Nd2 Ba6 13. Qb3 Bxe2 14. Kxe2 d5 15. Nxe4
fxe4 16. c4 O-O 17. Rhc1 dxc4 18. Qxc4 Qd5 19. Qxd5 cxd5 20. Nc5 Bxc5 21. Rxc5
Nd7 22. Rc6 Rfe8 23. Rac1 Rab8 24. Bf4 e5 25. Rd6 Nb6 26. Bxe5 Nc4 27. Rxd5
Rbc8 28. b3 Nxe5 29. Rxc8 Rxc8 30. Rxe5 Kf7 31. Rxe4 Rc2+ 32. Kf3 Rxa2 33. Re3
Ra3 34. d5 a4 35. bxa4 b3 36. d6 b2 37. d7 b1=Q 38. d8=Q Rxe3+ 39. fxe3 Qf5+
40. Kg3 Qe5+ 41. Kf2 Qf5+ 42. Kg1 Qb1+ 43. Kh2 Qb3 44. a5 Qxe3 45. Qc7+ Qe7 46.
Qxe7+ Kxe7 47. a6 1-0

[Event "19. Obert Int. Sant Marti 2017 - B"]
[Site "Barcelona ESP"]
[Date "2017.07.16"]
[Round "4.56"]
[White "Bois D`enghien, Noumea"]
[Black "Valbuena Castro, Gregorio"]
[Result "1-0"]
[WhiteElo "1270"]
[BlackElo "1682"]
[PlyCount "77"]
[EventDate "2017.07.13"]
[EventType "swiss"]
[EventRounds "9"]
[EventCountry "ESP"]
[SourceTitle "Ajedrez en Madrid"]
[Source "lmi"]
[SourceDate "2017.07.13"]
[SourceVersion "1"]
[SourceVersionDate "2019.06.21"]
[SourceQuality "1"]

1. e4 e5 2. d4 exd4 3. c3 d5 4. Nf3 dxe4 5. Nxd4 Nf6 6. Bc4 Bc5 7. O-O O-O 8.
Nb3 Bb6 9. Bf4 Nc6 10. h3 Bf5 11. Re1 Qxd1 12. Rxd1 Rad8 13. N1d2 Nd5 14. Bxd5
Rxd5 15. Nc4 Rfd8 16. Rxd5 Rxd5 17. Nxb6 cxb6 18. Nd2 Bg6 19. Re1 f5 20. g4 Ne5
21. Re2 Nd3 22. Bb8 Nc1 23. Re1 Rxd2 24. Rxc1 a6 25. Bf4 Rxb2 26. Rd1 Rxa2 27.
Rd8+ Kf7 28. Rd7+ Kf6 29. Rd6+ Ke7 30. Rxb6 fxg4 31. Rxb7+ Kf6 32. hxg4 Bf7 33.
Rb6+ Be6 34. Be3 a5 35. Bd4+ Ke7 36. Bxg7 Bxg4 37. c4 Bf3 38. c5 Ra1+ 39. Bxa1
1-0

[Event "19. Obert Int. Sant Marti 2017 - B"]
[Site "Barcelona ESP"]
[Date "2017.07.16"]
[Round "4.57"]
[White "Grasa Solanas, Oscar"]
[Black "Jimenez Rimblas, Raul"]
[Result "1-0"]
[WhiteElo "1676"]
[BlackElo "1437"]
[PlyCount "85"]
[EventDate "2017.07.13"]
[EventType "swiss"]
[EventRounds "9"]
[EventCountry "ESP"]
[SourceTitle "Ajedrez en Madrid"]
[Source "lmi"]
[SourceDate "2017.07.13"]
[SourceVersion "1"]
[SourceVersionDate "2019.06.21"]
[SourceQuality "1"]

1. Nf3 g6 2. d4 Bg7 3. e4 d6 4. Bc4 Nf6 5. O-O Nxe4 6. Nc3 Nxc3 7. bxc3 O-O 8.
Re1 c5 9. Rb1 Nc6 10. Bg5 cxd4 11. cxd4 d5 12. Bf1 Qc7 13. Qd2 Bg4 14. Bf4 Qd7
15. Ne5 Nxe5 16. Bxe5 f6 17. Bg3 e5 18. Bb5 Qc7 19. dxe5 fxe5 20. Qxd5+ Qf7 21.
Qxf7+ Kxf7 22. Bc4+ Ke7 23. Rxb7+ Bd7 24. Rd1 Rfd8 25. Bb5 Rab8 26. Rbxd7+ Rxd7
27. Bxd7 Rd8 28. Bg4 Rxd1+ 29. Bxd1 Ke6 30. Kf1 Kd5 31. Ke2 h5 32. f3 Bh6 33.
Kd3 g5 34. c4+ Ke6 35. Ke4 Bg7 36. Ba4 h4 37. Bf2 a6 38. Bb6 Bf8 39. Bc7 Bd6
40. Bd8 g4 41. fxg4 Kf7 42. Bxh4 Kg6 43. Be8+ 1-0

[Event "19. Obert Int. Sant Marti 2017 - B"]
[Site "Barcelona ESP"]
[Date "2017.07.16"]
[Round "4.58"]
[White "Tortosa Moros, Joan"]
[Black "Avila Lopez, Juan"]
[Result "1-0"]
[WhiteElo "1672"]
[BlackElo "1282"]
[PlyCount "51"]
[EventDate "2017.07.13"]
[EventType "swiss"]
[EventRounds "9"]
[EventCountry "ESP"]
[SourceTitle "Ajedrez en Madrid"]
[Source "lmi"]
[SourceDate "2017.07.13"]
[SourceVersion "1"]
[SourceVersionDate "2019.06.21"]
[SourceQuality "1"]

1. e4 e5 2. Nf3 Nc6 3. Bb5 a6 4. Ba4 Nf6 5. d3 d5 6. Nxe5 Qd6 7. Nxc6 bxc6 8.
O-O Bd7 9. e5 Qb4 10. c3 Bg4 11. Bxc6+ Kd8 12. cxb4 Bxd1 13. Bxa8 Ng4 14. Rxd1
Bxb4 15. Bxd5 Nxe5 16. d4 Ng4 17. f3 Nf6 18. Bxf7 Ke7 19. Bb3 Rd8 20. Bg5 Kf8
21. Bxf6 gxf6 22. Nc3 c6 23. Ne4 Kg7 24. Rac1 f5 25. Ng5 c5 26. Ne6+ 1-0

[Event "19. Obert Int. Sant Marti 2017 - B"]
[Site "Barcelona ESP"]
[Date "2017.07.16"]
[Round "4.59"]
[White "Mas Sayos, Lluis"]
[Black "Lobo Pereira, Arami"]
[Result "1-0"]
[WhiteElo "1668"]
[BlackElo "1206"]
[PlyCount "57"]
[EventDate "2017.07.13"]
[EventType "swiss"]
[EventRounds "9"]
[EventCountry "ESP"]
[SourceTitle "Ajedrez en Madrid"]
[Source "lmi"]
[SourceDate "2017.07.13"]
[SourceVersion "1"]
[SourceVersionDate "2019.06.21"]
[SourceQuality "1"]

1. Nf3 c5 2. c4 Nc6 3. g3 g6 4. Bg2 Bg7 5. O-O Nf6 6. Nc3 O-O 7. e3 d6 8. d4
cxd4 9. exd4 d5 10. cxd5 Nxd5 11. h3 e6 12. Re1 Bd7 13. Ne4 f5 14. Nc5 Re8 15.
Nxb7 Qb6 16. Nc5 Bc8 17. Ng5 Nxd4 18. Ngxe6 Bxe6 19. Nxe6 Nxe6 20. Rxe6 Rxe6
21. Bxd5 Rae8 22. Be3 Qxb2 23. Rb1 Qa3 24. Rb7 Kf8 25. Bxe6 Rxe6 26. Rxa7 Qb2
27. Qd7 Qb1+ 28. Kh2 Kg8 29. Qxg7# 1-0

[Event "19. Obert Int. Sant Marti 2017 - B"]
[Site "Barcelona ESP"]
[Date "2017.07.16"]
[Round "4.60"]
[White "Sanchez Rodriguez, Raul"]
[Black "Jimenez Molina, Victor"]
[Result "0-1"]
[WhiteElo "1228"]
[BlackElo "1646"]
[PlyCount "46"]
[EventDate "2017.07.13"]
[EventType "swiss"]
[EventRounds "9"]
[EventCountry "ESP"]
[SourceTitle "Ajedrez en Madrid"]
[Source "lmi"]
[SourceDate "2017.07.13"]
[SourceVersion "1"]
[SourceVersionDate "2019.06.21"]
[SourceQuality "1"]

1. e4 c5 2. Nc3 e6 3. d3 Nc6 4. g3 d5 5. exd5 exd5 6. Bg2 Be6 7. Nf3 Be7 8. O-O
h6 9. Rb1 Nf6 10. a3 O-O 11. Bd2 Rc8 12. Na2 d4 13. Nc1 Nd5 14. Na2 Nb6 15. Nc1
c4 16. dxc4 Nxc4 17. Qe2 Nxd2 18. Nxd2 Qc7 19. Ncb3 Bf6 20. Bxc6 Qxc6 21. Nf3
Bh3 22. Nbxd4 Bxd4 23. Nxd4 Qg2# 0-1

[Event "19. Obert Int. Sant Marti 2017 - B"]
[Site "Barcelona ESP"]
[Date "2017.07.16"]
[Round "4.64"]
[White "Hernandez Mediavilla, Juan Jose"]
[Black "Pascual Gonzalez-Novelles, David"]
[Result "0-1"]
[WhiteElo "1312"]
[BlackElo "1593"]
[PlyCount "90"]
[EventDate "2017.07.13"]
[EventType "swiss"]
[EventRounds "9"]
[EventCountry "ESP"]
[SourceTitle "Ajedrez en Madrid"]
[Source "lmi"]
[SourceDate "2017.07.13"]
[SourceVersion "1"]
[SourceVersionDate "2019.06.21"]
[SourceQuality "1"]

1. d4 d5 2. c3 Nf6 3. Bg5 e6 4. Nf3 h6 5. Bf4 Nbd7 6. h3 c5 7. e3 cxd4 8. exd4
Be7 9. Qb3 O-O 10. Bd3 Nh5 11. Bh2 Bg5 12. O-O Nf4 13. Bxf4 Bxf4 14. Re1 Qc7
15. Nbd2 b6 16. c4 Bb7 17. cxd5 Bxd5 18. Rac1 Qxc1 19. Rxc1 Bxb3 20. axb3 Bxd2
21. Nxd2 Rac8 22. Rc3 Rxc3 23. bxc3 Rc8 24. c4 Nf6 25. Kf1 Rd8 26. Nf3 Nd7 27.
Bc2 Nb8 28. Ke2 Nc6 29. Ke3 Nb4 30. Bb1 f6 31. g3 Kf7 32. Be4 Ke7 33. Bb1 a5
34. Kd2 Ra8 35. Kc3 Kd6 36. Nd2 f5 37. Nf3 Nc6 38. Bc2 g5 39. Nd2 Rf8 40. Bd1
f4 41. g4 Nb4 42. Ne4+ Ke7 43. Bf3 Rc8 44. Kd2 Rd8 45. Kc3 Nc6 0-1

[Event "19. Obert Int. Sant Marti 2017 - B"]
[Site "Barcelona ESP"]
[Date "2017.07.16"]
[Round "4.65"]
[White "Ferre Navarro, Joan"]
[Black "Bernat Mor, Juli"]
[Result "1-0"]
[WhiteElo "1587"]
[BlackElo "1274"]
[PlyCount "53"]
[EventDate "2017.07.13"]
[EventType "swiss"]
[EventRounds "9"]
[EventCountry "ESP"]
[SourceTitle "Ajedrez en Madrid"]
[Source "lmi"]
[SourceDate "2017.07.13"]
[SourceVersion "1"]
[SourceVersionDate "2019.06.21"]
[SourceQuality "1"]

1. d4 d5 2. Nf3 c6 3. Bf4 Nf6 4. e3 Bf5 5. Nbd2 e6 6. c3 Be7 7. Be2 Nbd7 8. h3
Nb6 9. Nh4 Bg6 10. Nxg6 hxg6 11. Bd3 Nh5 12. Bh2 Bd6 13. Bxd6 Qxd6 14. e4 O-O-O
15. e5 Qe7 16. Qf3 g5 17. g3 g6 18. O-O-O Rhf8 19. Qe3 Rh8 20. Nf3 g4 21. hxg4
Ng7 22. Ng5 f6 23. exf6 Qxf6 24. Qf4 Qxf4+ 25. gxf4 Rxh1 26. Rxh1 Rf8 27. Rh7
1-0

[Event "19. Obert Int. Sant Marti 2017 - B"]
[Site "Barcelona ESP"]
[Date "2017.07.16"]
[Round "4.66"]
[White "Riera Mestres, Josep"]
[Black "Pinyol I Llora, Julia"]
[Result "1-0"]
[WhiteElo "1579"]
[BlackElo "1130"]
[PlyCount "75"]
[EventDate "2017.07.13"]
[EventType "swiss"]
[EventRounds "9"]
[EventCountry "ESP"]
[SourceTitle "Ajedrez en Madrid"]
[Source "lmi"]
[SourceDate "2017.07.13"]
[SourceVersion "1"]
[SourceVersionDate "2019.06.21"]
[SourceQuality "1"]

1. d4 d5 2. Bf4 e6 3. e3 Nf6 4. Nf3 Be7 5. h3 O-O 6. c3 b6 7. Bd3 Bb7 8. O-O c5
9. Nbd2 Nc6 10. Bh2 Rc8 11. a3 a5 12. b3 Qd7 13. Bb5 Qd8 14. Qe2 Ne4 15. Nxe4
dxe4 16. Nd2 Na7 17. Ba4 Ra8 18. b4 Nc8 19. Rfd1 axb4 20. axb4 Nd6 21. bxc5
bxc5 22. dxc5 Nf5 23. Nxe4 Qc8 24. Bd7 Qd8 25. c6 Rxa1 26. Rxa1 Bc8 27. Ra8 Qb6
28. Rb8 Qa5 29. Rxc8 Qa1+ 30. Qf1 Qa4 31. Rxf8+ Kxf8 32. Qb1 Bd8 33. Nc5 Qa7
34. Ne4 Bc7 35. Bxc7 Qxc7 36. Qb7 Qa5 37. Qb8+ Ke7 38. Qe8# 1-0

[Event "19. Obert Int. Sant Marti 2017 - B"]
[Site "Barcelona ESP"]
[Date "2017.07.16"]
[Round "4.67"]
[White "Bienvenido Kleque, Jose"]
[Black "Rodriguez Batuecas, Jordi"]
[Result "1/2-1/2"]
[WhiteElo "1468"]
[BlackElo "1551"]
[PlyCount "59"]
[EventDate "2017.07.13"]
[EventType "swiss"]
[EventRounds "9"]
[EventCountry "ESP"]
[SourceTitle "Ajedrez en Madrid"]
[Source "lmi"]
[SourceDate "2017.07.13"]
[SourceVersion "1"]
[SourceVersionDate "2019.06.21"]
[SourceQuality "1"]

1. c4 Nf6 2. Nc3 g6 3. Nf3 Bg7 4. g3 O-O 5. Bg2 d6 6. d4 Re8 7. O-O Nbd7 8. Re1
e5 9. dxe5 Nxe5 10. Nxe5 Rxe5 11. h3 Rb8 12. Kh2 Bf5 13. b3 Qd7 14. Bb2 Bxh3
15. Rh1 Rh5 16. Kg1 Qf5 17. Rxh3 Rxh3 18. Bxh3 Qxh3 19. Qf1 Qg4 20. Nb5 c6 21.
Nxd6 Qe6 22. c5 Ne4 23. Bxg7 Kxg7 24. Nxe4 Qxe4 25. Qd1 Re8 26. e3 h5 27. Rc1
Qe6 28. Qd4+ Qe5 29. Rd1 Qxd4 30. Rxd4 1/2-1/2

[Event "19. Obert Int. Sant Marti 2017 - B"]
[Site "Barcelona ESP"]
[Date "2017.07.16"]
[Round "4.69"]
[White "Lopez Abaurrea, Eduardo"]
[Black "Febrero Perez, Lluis"]
[Result "0-1"]
[WhiteElo "1422"]
[BlackElo "1488"]
[PlyCount "66"]
[EventDate "2017.07.13"]
[EventType "swiss"]
[EventRounds "9"]
[EventCountry "ESP"]
[SourceTitle "Ajedrez en Madrid"]
[Source "lmi"]
[SourceDate "2017.07.13"]
[SourceVersion "1"]
[SourceVersionDate "2019.06.21"]
[SourceQuality "1"]

1. d4 Nf6 2. c4 g6 3. Nc3 d5 4. Nf3 Bg7 5. e3 O-O 6. Bd3 b6 7. O-O Bb7 8. b4
Nbd7 9. c5 a5 10. Rb1 axb4 11. Rxb4 e6 12. a4 Ne4 13. Bb2 Bc6 14. Bb5 bxc5 15.
dxc5 Nxc3 16. Bxc3 Bxc3 17. Rb3 Bxb5 18. Rxb5 c6 19. Rb3 Qa5 20. Qc2 Bb4 21.
Rfb1 Qxa4 22. Qb2 Bxc5 23. Qc3 Be7 24. g3 Bf6 25. Qc2 c5 26. Qd2 Qe4 27. Qd1 c4
28. Rb7 Nc5 29. Nd2 Qd3 30. Qe1 Nxb7 31. Rxb7 Ra1 32. Rb1 Rxb1 33. Qxb1 Qxb1+
0-1

[Event "19. Obert Int. Sant Marti 2017 - B"]
[Site "Barcelona ESP"]
[Date "2017.07.16"]
[Round "4.70"]
[White "Bailly, Axel"]
[Black "Bermejo Cuadra, Roberto"]
[Result "1-0"]
[WhiteElo "1470"]
[BlackElo "1312"]
[PlyCount "89"]
[EventDate "2017.07.13"]
[EventType "swiss"]
[EventRounds "9"]
[EventCountry "ESP"]
[SourceTitle "Ajedrez en Madrid"]
[Source "lmi"]
[SourceDate "2017.07.13"]
[SourceVersion "1"]
[SourceVersionDate "2019.06.21"]
[SourceQuality "1"]

1. e4 e5 2. Nf3 Nc6 3. Bc4 f6 4. d3 d6 5. Nc3 Nge7 6. Be3 Na5 7. Bb3 Nxb3 8.
axb3 c6 9. h3 d5 10. exd5 cxd5 11. d4 e4 12. Nd2 g5 13. Nf1 Bd7 14. Qh5+ Ng6
15. Nxd5 Be6 16. c4 Bxd5 17. cxd5 Qxd5 18. Nd2 Bb4 19. O-O Bxd2 20. Bxd2 O-O
21. Rac1 Rac8 22. Qg4 Rxc1 23. Rxc1 Qxb3 24. Rc7 Rf7 25. Qc8+ Kg7 26. Rxf7+
Qxf7 27. Qc3 Nf4 28. Bxf4 gxf4 29. Qd2 Qc7 30. d5 Qd6 31. Qd4 e3 32. fxe3 fxe3
33. Qxe3 Qxd5 34. Qxa7 Kg6 35. Qf2 b5 36. Kh2 Qe5+ 37. Qg3+ Qxg3+ 38. Kxg3 Kg5
39. Kf3 f5 40. g3 h5 41. h4+ Kf6 42. Kf4 Kg6 43. Ke5 b4 44. b3 Kh6 45. Kxf5 1-0

[Event "19. Obert Int. Sant Marti 2017 - B"]
[Site "Barcelona ESP"]
[Date "2017.07.16"]
[Round "4.71"]
[White "Minko, Uliana"]
[Black "Rodriguez Monago, Juan Antonio"]
[Result "1/2-1/2"]
[WhiteElo "1293"]
[BlackElo "1468"]
[PlyCount "96"]
[EventDate "2017.07.13"]
[EventType "swiss"]
[EventRounds "9"]
[EventCountry "ESP"]
[SourceTitle "Ajedrez en Madrid"]
[Source "lmi"]
[SourceDate "2017.07.13"]
[SourceVersion "1"]
[SourceVersionDate "2019.06.21"]
[SourceQuality "1"]

1. c4 e5 2. Nc3 Nf6 3. g3 c5 4. Bg2 Nc6 5. Nf3 d6 6. O-O Be7 7. d3 O-O 8. a3 a6
9. Ne1 Bd7 10. Nc2 Rb8 11. Ne3 Nd4 12. Ned5 Re8 13. e3 Nc6 14. Rb1 Bf8 15. Re1
Be6 16. b4 Nxd5 17. cxd5 Bd7 18. dxc6 Bxc6 19. Nd5 f5 20. Qb3 Kh8 21. Bd2 e4
22. dxe4 fxe4 23. Bc3 b5 24. Nf4 c4 25. Qb2 Qg5 26. Bh3 Qh6 27. Kg2 Rb7 28.
Rbd1 Rf7 29. Bg4 Rb8 30. Ne6 Bd7 31. Nxg7 Bxg7 32. Bxd7 Rxd7 33. Rd5 Rf8 34.
Red1 Bxc3 35. Qxc3+ Qf6 36. Rc1 Qxc3 37. Rxc3 Rf6 38. g4 Rf3 39. h3 Kg7 40. g5
h6 41. h4 Kg6 42. Rc1 hxg5 43. Rxg5+ Kh6 44. Rd5 Rf6 45. Rc2 Rdf7 46. Kg3 Rf3+
47. Kg2 R3f6 48. Rd4 Re7 1/2-1/2

[Event "19. Obert Int. Sant Marti 2017 - B"]
[Site "Barcelona ESP"]
[Date "2017.07.16"]
[Round "4.72"]
[White "Orts Gonzalez, Rafael"]
[Black "Olleta Tanya, Jordi"]
[Result "0-1"]
[WhiteElo "1026"]
[BlackElo "1450"]
[PlyCount "140"]
[EventDate "2017.07.13"]
[EventType "swiss"]
[EventRounds "9"]
[EventCountry "ESP"]
[SourceTitle "Ajedrez en Madrid"]
[Source "lmi"]
[SourceDate "2017.07.13"]
[SourceVersion "1"]
[SourceVersionDate "2019.06.21"]
[SourceQuality "1"]

1. d4 d5 2. Bf4 Nc6 3. e3 a6 4. c4 Nf6 5. c5 Bf5 6. a3 e6 7. b4 Be7 8. b5 axb5
9. Bxb5 O-O 10. Bxc6 bxc6 11. Nf3 Nh5 12. Be5 f6 13. Nh4 fxe5 14. Nxf5 Nf6 15.
Nxe7+ Qxe7 16. O-O e4 17. a4 e5 18. Nc3 exd4 19. Qxd4 Nd7 20. Rfc1 Ra5 21. Qb4
Rxc5 22. Qa3 Qf6 23. Ra2 Ra5 24. Rac2 Nc5 25. Qa2 Nd3 26. Nxe4 Qe5 27. Rd1 Nb4
28. Qb2 Qxb2 29. Rxb2 Na6 30. Nc3 Nc5 31. Rb4 Rfa8 32. Rdd4 Kf7 33. f3 Ne6 34.
Rh4 h6 35. f4 Rc5 36. Ne2 Rc2 37. Nd4 Nxd4 38. Rxd4 Rc4 39. f5 Raxa4 40. Rdf4
Rxf4 41. exf4 Ra3 42. g4 Kf6 43. Rh5 d4 44. g5+ hxg5 45. Rxg5 Rf3 46. Rg6+ Kxf5
47. Rxc6 Rc3 48. Ra6 Kxf4 49. Ra4 c5 50. Kf2 Rc2+ 51. Ke1 Rxh2 52. Kd1 Ke4 53.
Ra3 Rg2 54. Rh3 g5 55. Ke1 g4 56. Rh8 Kd3 57. Rc8 Kc4 58. Ra8 Rb2 59. Ra1 g3
60. Rc1+ Kd5 61. Kf1 c4 62. Ra1 c3 63. Ra5+ Kc4 64. Ra8 Kd3 65. Ra3 g2+ 66. Kg1
Re2 67. Rb3 Kd2 68. Kh2 c2 69. Rb2 Kd1 70. Kg1 c1=Q 0-1

[Event "19. Obert Int. Sant Marti 2017 - B"]
[Site "Barcelona ESP"]
[Date "2017.07.17"]
[Round "5.1"]
[White "Espinosa Cebrian, Carlos"]
[Black "Samrat, Ghorai"]
[Result "0-1"]
[WhiteElo "1921"]
[BlackElo "1938"]
[PlyCount "70"]
[EventDate "2017.07.13"]
[EventType "swiss"]
[EventRounds "9"]
[EventCountry "ESP"]
[SourceTitle "Ajedrez en Madrid"]
[Source "lmi"]
[SourceDate "2017.07.13"]
[SourceVersion "1"]
[SourceVersionDate "2019.06.21"]
[SourceQuality "1"]

1. d4 d5 2. Bf4 Nf6 3. Nf3 e6 4. e3 c5 5. dxc5 Bxc5 6. c4 Nc6 7. Be2 Qb6 8. Qb3
Bb4+ 9. Nbd2 Na5 10. Qc2 dxc4 11. Bxc4 Nxc4 12. Qxc4 Nd5 13. O-O Bd7 14. Qb3
Qa6 15. a3 Bxd2 16. Nxd2 Ba4 17. Qa2 Nxf4 18. exf4 Qd6 19. Qc4 Bc6 20. Rfd1
O-O-O 21. Qb4 Qxb4 22. axb4 Rd4 23. b5 Bxb5 24. Nf3 Rxd1+ 25. Rxd1 Rd8 26. Rc1+
Kb8 27. Ng5 Rd2 28. Nxf7 Rxb2 29. Nd6 Bc6 30. f5 exf5 31. Nxf5 a5 32. Nd4 a4
33. Ra1 a3 34. h4 a2 35. Rf1 Bb5 0-1

[Event "19. Obert Int. Sant Marti 2017 - B"]
[Site "Barcelona ESP"]
[Date "2017.07.17"]
[Round "5.2"]
[White "Rios Torondell, Jaume"]
[Black "Mota, Pankit"]
[Result "0-1"]
[WhiteElo "1881"]
[BlackElo "1859"]
[PlyCount "90"]
[EventDate "2017.07.13"]
[EventType "swiss"]
[EventRounds "9"]
[EventCountry "ESP"]
[SourceTitle "Ajedrez en Madrid"]
[Source "lmi"]
[SourceDate "2017.07.13"]
[SourceVersion "1"]
[SourceVersionDate "2019.06.21"]
[SourceQuality "1"]

1. g4 d5 2. Bg2 c6 3. h3 e5 4. d4 e4 5. c4 Bd6 6. Nc3 Ne7 7. Bg5 f6 8. Bd2 Be6
9. cxd5 cxd5 10. Nb5 Nbc6 11. Nxd6+ Qxd6 12. e3 g5 13. Ne2 f5 14. gxf5 Nxf5 15.
Nc3 O-O-O 16. Nb5 Qe7 17. Rc1 Kb8 18. Qb3 Ka8 19. Qa4 Rc8 20. a3 Nh4 21. Bb4
Qd7 22. Bf1 a6 23. Bc5 Na7 24. Nc3 Qxa4 25. Nxa4 Rc6 26. Be2 Nc8 27. Kd2 Nf3+
28. Bxf3 exf3 29. Rcg1 h6 30. Kd1 b6 31. Rg3 Bf5 32. Nc3 bxc5 33. Rxf3 Be4 34.
Nxe4 dxe4 35. d5 Rd6 36. Rf7 Rxd5+ 37. Ke2 Rhd8 38. h4 gxh4 39. Rf4 Rd2+ 40.
Kf1 Nd6 41. Rhxh4 Rxb2 42. Rxh6 c4 43. Rh7 c3 44. Rf6 c2 45. Rc7 Rb1+ 0-1

[Event "19. Obert Int. Sant Marti 2017 - B"]
[Site "Barcelona ESP"]
[Date "2017.07.17"]
[Round "5.3"]
[White "Sarrate Presas, Jordi"]
[Black "Morais Carreras, Javier"]
[Result "1-0"]
[WhiteElo "1770"]
[BlackElo "1925"]
[PlyCount "101"]
[EventDate "2017.07.13"]
[EventType "swiss"]
[EventRounds "9"]
[EventCountry "ESP"]
[SourceTitle "Ajedrez en Madrid"]
[Source "lmi"]
[SourceDate "2017.07.13"]
[SourceVersion "1"]
[SourceVersionDate "2019.06.21"]
[SourceQuality "1"]

1. c4 e6 2. e4 c5 3. Nc3 Nc6 4. Nf3 g6 5. d4 cxd4 6. Nxd4 a6 7. Be2 Bg7 8. Be3
Nge7 9. O-O O-O 10. Qd2 d5 11. cxd5 exd5 12. exd5 Nxd5 13. Nxc6 bxc6 14. Rad1
Be6 15. Bd4 Nxc3 16. Bxc3 Qxd2 17. Rxd2 Bxc3 18. bxc3 a5 19. Bf3 Rfc8 20. Rb1
Bd5 21. Bxd5 cxd5 22. Rc1 Rab8 23. Kf1 Rc5 24. Ke2 Kf8 25. Ke3 Ke7 26. Kd3 Kd6
27. Re2 a4 28. c4 a3 29. Rcc2 dxc4+ 30. Rxc4 Rxc4 31. Kxc4 Rb2 32. Kd3 Rxe2 33.
Kxe2 Kc5 34. Kd3 f5 35. Kc3 f4 36. Kb3 Kd4 37. Kxa3 Kd3 38. Kb3 Ke2 39. f3 Kf2
40. a4 Kxg2 41. a5 h5 42. a6 g5 43. a7 g4 44. fxg4 hxg4 45. a8=Q+ f3 46. Kc2
Kxh2 47. Kd2 f2 48. Ke2 g3 49. Kf1 Kh3 50. Qg2+ Kg4 51. Ke2 1-0

[Event "19. Obert Int. Sant Marti 2017 - B"]
[Site "Barcelona ESP"]
[Date "2017.07.17"]
[Round "5.4"]
[White "Poyato Ruiz, Fernando"]
[Black "Del Valle, Clemence"]
[Result "0-1"]
[WhiteElo "1863"]
[BlackElo "1759"]
[PlyCount "86"]
[EventDate "2017.07.13"]
[EventType "swiss"]
[EventRounds "9"]
[EventCountry "ESP"]
[SourceTitle "Ajedrez en Madrid"]
[Source "lmi"]
[SourceDate "2017.07.13"]
[SourceVersion "1"]
[SourceVersionDate "2019.06.21"]
[SourceQuality "1"]

1. d4 d5 2. c4 e6 3. Nc3 Nf6 4. Bg5 Be7 5. e3 O-O 6. Nf3 Nbd7 7. Bd3 dxc4 8.
Bxc4 a6 9. O-O b5 10. Bd3 Bb7 11. a3 c5 12. Rc1 Rc8 13. Re1 h6 14. Bh4 cxd4 15.
exd4 b4 16. axb4 Bxb4 17. Ne5 Qa5 18. Nxd7 Nxd7 19. Re3 Bd6 20. Bg3 Be7 21. Bf4
Bg5 22. Ra1 Qd8 23. Bxg5 Qxg5 24. Rg3 Qf4 25. Bxa6 Bxa6 26. Rxa6 Nf6 27. Rf3
Qg5 28. Rg3 Qf4 29. Ne2 Qe4 30. Nc3 Qf4 31. Ra1 Rfd8 32. Rd3 Ng4 33. Rf3 Qxh2+
34. Kf1 Qh1+ 35. Ke2 Qxg2 36. Qg1 Qxg1 37. Rxg1 h5 38. Rfg3 g6 39. Rd3 Rc4 40.
Rgd1 Nf6 41. d5 exd5 42. Nxd5 Rc2+ 43. R1d2 Rxd2+ 0-1